The Supply and Demand for Safe Assets

Bezpečné aktíva sa požadujú na uchovávanie hodnoty (na uľahčenie spotreby medzičasom) a ako kolaterál (na uľahčenie úverovania v čase). Niektoré sú dodávané verejne (štátne dlhopisy) a niektoré súkromne (cenné papiere kryté aktívami). Súkromné ​​aktíva sú v kvalite heterogénne a informácie o ich kva...

Descrizione completa

Salvato in:
Dettagli Bibliografici
Autore principale: Gorton, Gary
Altri autori: Ordoñez, Guillermo
Natura: Capitolo di libro
Lingua:inglese
Soggetti:
Tags: Aggiungi Tag
Nessun Tag, puoi essere il primo ad aggiungerne!!

MARC

LEADER 00000naa a2200000 4500
001 0282850
005 20220324084520.5
041 0 |a eng 
044 |a NL 
245 1 0 |a The Supply and Demand for Safe Assets 
520 |a Bezpečné aktíva sa požadujú na uchovávanie hodnoty (na uľahčenie spotreby medzičasom) a ako kolaterál (na uľahčenie úverovania v čase). Niektoré sú dodávané verejne (štátne dlhopisy) a niektoré súkromne (cenné papiere kryté aktívami). Súkromné ​​aktíva sú v kvalite heterogénne a informácie o ich kvalite znižujú ich bezpečnostné vlastnosti. Optimálna dlhopisová politika, keď dlhopisy nie sú kolaterálom (zábezpekou) a optimálna dlhopisová politika s dlhopismi ako kolaterálom. 
610 2 0 |a dlhy štátne 
610 2 0 |a aktíva 
610 2 0 |a dlhopisy štátne 
610 2 0 |a kolaterál 
610 2 0 |a ponuka 
610 2 0 |a dopyt 
100 1 |a Gorton, Gary 
700 1 |a Ordoñez, Guillermo